000 00331nam a22001337a 4500
008 171206b xxu||||| |||| 00| 0 eng d
020 _a3540500375
041 _aeng
080 _a621
100 _a27
101 _aIM
245 _aADVANCED COMPUTING CONCEPTS AND TECHNIQUES IN CONTROL ENGINEERING
_cDENHAM,M,J
942 _2udc
_cBK
999 _c38788
_d38788